000 01326nam a22002537a 4500
005 2009021703363.0
008 090212t xxu||||| |||| 00| 0 eng d
010 _aTEL-4997
020 _cRs.100.00
035 _aTL-4004
037 _bDBAD / PUB
040 _adpl
_bTelugu
082 _a616.1205
100 _aవెంకటరావు, సి.యల్.
245 _aహార్ట్ కేర్
_c/ సి.యల్. వెంకటరావు
_b:గుండె జబ్బులు, జార్రత్తలు
246 _aHeart care: gunde jabbulu, jaagrattalu
_bC.L.Venkatarao
260 _aహైదరాబాద్
_bనిహిల్ పబ్లికేషన్స్
_c2008
270 _aప్లాట్ నెం. 201, సెకండ్ ప్లోర్, యస్.యస్.ప్రశాంతి రెసిడెన్సి, ఎల్లారెడ్డి గూడ
_bహైదరాబాద్
_e500073
300 _a231పే.
_c23 సె.మీ.
650 _aగుండెజబ్బులు
_x వ్యాధులు
650 _a Heart
_xDiseases
942 _2ddc
_cTL
_h616.1205
_m/VEN
999 _c23921
_d23921